[Event "21st ch-EUR Indiv w 2021"]
[Site "Iasi ROU"]
[Date "2021.08.11"]
[Round "3.34"]
[White "Babayeva, Nasrin"]
[Black "Dornbusch, Tatiana"]
[Result "0-1"]
[BlackTitle "WGM"]
[WhiteElo "1889"]
[BlackElo "2249"]
[WhiteFideId "13416626"]
[BlackFideId "14107449"]
[EventDate "2021.08.09"]

1. c4 e5 2. g3 Nf6 3. Bg2 Nc6 4. Nc3 Bc5 5. d3 O-O 6. a3 a5 7. Nf3 d5 8. cxd5
Nxd5 9. O-O Nde7 10. Qc2 Bg4 11. h3 Bxf3 12. exf3 Nd4 13. Qd1 Nef5 14. Ne4 Bb6
15. f4 Re8 16. fxe5 Rxe5 17. Bf4 Rb5 18. Rb1 Rd5 19. Nc3 Rd7 20. Bxb7 Ne6 21.
Be4 Nfd4 22. Be5 Rb8 23. Ne2 Nf3+ 24. Bxf3 Rxd3 25. Nc3 Rxd1 26. Rbxd1 Qg5 27.
Rd5 Rd8 28. Rxd8+ Qxd8 29. Re1 Qd2 30. Re2 Qc1+ 31. Kg2 h6 32. Nd5 Bd4 33. Bxd4
Nxd4 34. Re8+ Kh7 35. Be4+ f5 36. Bd3 Qxb2 37. Ne7 Qxa3 38. Bc4 Qf3+ 39. Kg1
Ne2+ 40. Kf1 Nxg3+ 0-1

[Event "21st ch-EUR Indiv w 2021"]
[Site "Iasi ROU"]
[Date "2021.08.11"]
[Round "3.35"]
[White "Gevorgyan, Maria"]
[Black "Tamrazyan, Gohar"]
[Result "1-0"]
[WhiteTitle "WGM"]
[WhiteElo "2232"]
[BlackElo "1973"]
[WhiteFideId "13300270"]
[BlackFideId "1330799"]
[EventDate "2021.08.09"]

1. e4 c5 2. Nc3 Nc6 3. Bb5 Nd4 4. Bc4 g6 5. Nf3 Bg7 6. Nxd4 cxd4 7. Qf3 e6 8.
Nb5 d5 9. exd5 a6 10. dxe6 fxe6 11. Na3 Nf6 12. d3 O-O 13. Bg5 Qa5+ 14. Bd2 Qe5+
15. Qe2 Qf5 16. O-O b5 17. Bb3 a5 18. Rae1 Ra6 19. c4 b4 20. Nb5 Ng4 21. h3 Ne5
22. f4 Nf7 23. Qe4 Qc5 24. Bd1 Bd7 25. Qb7 Bc8 26. Qc7 Qf5 27. Re4 Ng5 28. Bg4
Qf6 29. Rxd4 Ra8 30. Re1 e5 31. Rd6 Ne6 32. Bxe6+ Bxe6 33. Rxe5 Rfe8 34. Qc6
Rac8 35. Rexe6 Qxe6 36. Rxe6 Rxc6 37. Rxe8+ Kf7 38. Re2 1-0

[Event "21st ch-EUR Indiv w 2021"]
[Site "Iasi ROU"]
[Date "2021.08.11"]
[Round "3.36"]
[White "Urh, Zala"]
[Black "Batagan, Ilinca-Petra"]
[Result "1-0"]
[WhiteTitle "WIM"]
[WhiteElo "2216"]
[BlackElo "1846"]
[WhiteFideId "14611481"]
[BlackFideId "1261002"]
[EventDate "2021.08.09"]

1. d4 d5 2. Nf3 Nf6 3. Bf4 Bf5 4. c4 e6 5. Qb3 Nbd7 6. e3 Bd6 7. Bxd6 cxd6 8.
cxd5 Qa5+ 9. Nbd2 exd5 10. Bb5 O-O 11. O-O Nb6 12. a4 Ne4 13. Rfd1 a6 14. Bd3
Nd7 15. Nf1 Ndf6 16. Nh4 Be6 17. f3 g5 18. fxe4 dxe4 19. Bc4 Bxc4 20. Qxc4 gxh4
21. d5 Qc5 22. Qb3 Qc8 23. Rac1 Qg4 24. h3 Qg5 25. Rc2 Rac8 26. Rcd2 Nd7 27.
Qxb7 Ne5 28. Kh1 Nd3 29. b4 Rb8 30. Qxa6 Qxd5 31. Rxd3 exd3 32. Rxd3 Qf5 33. Rd4
Rbc8 34. Rf4 Qe5 35. Qd3 f6 36. b5 Rc3 37. Qb1 Kh8 38. b6 Rxe3 39. Rxh4 f5 40.
Nxe3 Qxe3 41. b7 Rb8 42. Rc4 Qe6 43. Rc7 1-0

[Event "21st ch-EUR Indiv w 2021"]
[Site "Iasi ROU"]
[Date "2021.08.11"]
[Round "3.37"]
[White "Semenova, Elena1"]
[Black "Andries, Alexia"]
[Result "1-0"]
[WhiteTitle "WIM"]
[WhiteElo "2212"]
[BlackElo "1420"]
[WhiteFideId "24125148"]
[BlackFideId "1267272"]
[EventDate "2021.08.09"]

1. e4 c5 2. Nf3 e6 3. d4 cxd4 4. Nxd4 a6 5. c4 Nf6 6. Nc3 d6 7. Be2 Be7 8. Be3
Nbd7 9. Qd2 Qc7 10. f3 b6 11. g4 h6 12. h4 Bb7 13. Rg1 Ne5 14. Rc1 Ng6 15. h5
Nf8 16. Na4 N8d7 17. b4 Rc8 18. Nb3 Nh7 19. Kf1 Ng5 20. Bd4 O-O 21. Qe3 Bd8 22.
Qc3 Bf6 23. Bxf6 Nxf6 24. Qe3 Nd7 25. Nc3 Rfe8 26. f4 Nh7 27. g5 hxg5 28. fxg5
Ne5 29. Na4 Nd7 30. g6 Nhf6 31. h6 Bxe4 32. gxf7+ Kxf7 33. Rxg7+ Kf8 34. Nc3 Bh7
35. Qg5 Re7 36. Nd4 d5 37. Rxe7 Kxe7 38. Qg7+ Kd6 39. Ncb5+ 1-0

[Event "21st ch-EUR Indiv w 2021"]
[Site "Iasi ROU"]
[Date "2021.08.11"]
[Round "3.38"]
[White "Matasaru, Stephanie"]
[Black "Ghukasyan, Siranush"]
[Result "0-1"]
[BlackTitle "WIM"]
[WhiteElo "1741"]
[BlackElo "2194"]
[WhiteFideId "1242040"]
[BlackFideId "13300946"]
[EventDate "2021.08.09"]

1. e4 e5 2. Nf3 Nc6 3. Bb5 a6 4. Ba4 Nf6 5. d3 d6 6. O-O b5 7. Bb3 Na5 8. Nc3
Nxb3 9. axb3 Bb7 10. Ne2 g6 11. c4 Bg7 12. Ng3 O-O 13. h3 Re8 14. Be3 Nd7 15.
Nd2 Nc5 16. Qc2 b4 17. f4 exf4 18. Rxf4 Ne6 19. Rff1 Nd4 20. Bxd4 Bxd4+ 21. Kh1
Be5 22. Ne2 Qe7 23. Rf2 Rf8 24. Raf1 Bg7 25. Nf3 f5 26. exf5 Rxf5 27. Ned4 Rh5
28. Re2 Qd7 29. Kh2 Rf8 30. Qc1 c5 31. Ne6 Rxf3 32. gxf3 Be5+ 33. f4 Qxe6 34.
Re3 Qg4 35. Rg3 Rxh3+ 0-1

[Event "21st ch-EUR Indiv w 2021"]
[Site "Iasi ROU"]
[Date "2021.08.11"]
[Round "3.39"]
[White "Hoang, Thanh Trang"]
[Black "Froewis, Annika"]
[Result "1-0"]
[WhiteTitle "GM"]
[BlackTitle "WFM"]
[WhiteElo "2404"]
[BlackElo "2107"]
[WhiteFideId "12400149"]
[BlackFideId "1621432"]
[EventDate "2021.08.09"]

1. d4 d5 2. Nf3 Nf6 3. e3 e6 4. Bd3 Bd6 5. Nbd2 Nbd7 6. c4 c6 7. O-O h6 8. b3 e5
9. cxd5 cxd5 10. dxe5 Nxe5 11. Bb5+ Bd7 12. Bxd7+ Qxd7 13. Bb2 Qf5 14. Nd4 Qd7
15. N4f3 Qe6 16. Nxe5 Bxe5 17. Bxe5 Qxe5 18. Nf3 Qe7 19. Rc1 O-O 20. Qd4 a6 21.
Rc2 Rac8 22. Rfc1 Qe6 23. Qb2 Rfd8 24. h3 Ne4 25. Rc7 Rxc7 26. Rxc7 Nd6 27. Nd4
Qe8 28. Qa3 Qe4 29. Qa5 Kh7 30. a4 Qb1+ 31. Kh2 Qe4 32. Qb6 Qe5+ 33. Kg1 Qg5 34.
Qa5 Qe5 35. Nf3 Qa1+ 36. Kh2 Ne4 37. Rxf7 Rc8 38. Qxd5 Re8 39. Qd7 1-0

[Event "21st ch-EUR Indiv w 2021"]
[Site "Iasi ROU"]
[Date "2021.08.11"]
[Round "3.40"]
[White "Kulon, Klaudia"]
[Black "Trippold, Denise"]
[Result "1-0"]
[WhiteTitle "IM"]
[BlackTitle "WFM"]
[WhiteElo "2363"]
[BlackElo "2098"]
[WhiteFideId "1131044"]
[BlackFideId "1625594"]
[EventDate "2021.08.09"]

1. c4 e6 2. g3 d5 3. Bg2 Nf6 4. Nf3 Be7 5. O-O O-O 6. d4 dxc4 7. Qc2 a6 8. Qxc4
b5 9. Qc2 Bb7 10. Bd2 Be4 11. Qc1 c6 12. Nc3 Bxf3 13. Bxf3 Qxd4 14. Rd1 Qb6 15.
a4 b4 16. a5 Qc7 17. Na4 Qxa5 18. Be3 Qc7 19. Nb6 Ra7 20. Nc4 c5 21. Bf4 Qc8 22.
Nd6 Bxd6 23. Bxd6 Rd8 24. Qxc5 Qxc5 25. Bxc5 Rxd1+ 26. Rxd1 Rd7 27. Ra1 b3 28.
Ra3 Rd1+ 29. Kg2 Nbd7 30. e4 Rd3 31. Rxa6 h6 32. Be3 Ne5 33. Be2 Rd8 34. f3 Nd3
35. Bxd3 Rxd3 36. Kf2 Rd1 37. Rb6 Nd7 38. Rxb3 Ne5 39. Bf4 Nc4 40. Rb8+ Kh7 41.
b3 Na3 42. Ke2 Rh1 43. h4 Rh2+ 44. Kd3 Rf2 45. Bc1 Nc2 46. Bd2 Na3 47. Ke3 Rg2
48. g4 e5 49. Rc8 Nb5 50. Bc3 f6 51. Rc5 Na3 52. Bd2 h5 53. gxh5 Rh2 54. b4 Rh1
55. Kd3 Rf1 56. Ke2 Rb1 57. h6 gxh6 58. h5 Rb2 59. Kd3 Nb1 60. Bc3 Rf2 61. Ke3
Rh2 62. b5 Ra2 63. b6 Nxc3 64. Rxc3 Rb2 65. Rc7+ Kg8 66. b7 1-0

[Event "21st ch-EUR Indiv w 2021"]
[Site "Iasi ROU"]
[Date "2021.08.11"]
[Round "3.41"]
[White "Zelbova, Lada"]
[Black "Belenkaya, Dina"]
[Result "0-1"]
[BlackTitle "WGM"]
[WhiteElo "2070"]
[BlackElo "2350"]
[WhiteFideId "23717882"]
[BlackFideId "24142654"]
[EventDate "2021.08.09"]

1. e4 c6 2. Nc3 d5 3. Nf3 dxe4 4. Nxe4 Nf6 5. Qe2 Nxe4 6. Qxe4 Qa5 7. Bc4 Bf5 8.
Qf4 e6 9. O-O Be7 10. c3 Nd7 11. b4 Qd8 12. Nd4 g5 13. Qg3 Nb6 14. Nxf5 exf5 15.
Bb3 Qd6 16. Re1 Qxg3 17. fxg3 Nc8 18. d4 Kf8 19. a4 Nd6 20. Ba3 Ne4 21. Re3 a5
22. Bc2 Nxc3 23. Rxc3 axb4 24. Rb3 bxa3 25. Rxb7 h5 26. Bb3 Rh7 27. Kf1 Rg7 28.
Ke2 f6 29. Rb6 f4 30. gxf4 gxf4 31. Kf3 Rd8 32. Rd1 Bc5 33. Rxc6 Bxd4 34. Rc2
Re7 35. Re2 Re3+ 36. Rxe3 fxe3 37. Bc4 Ke7 38. Rd3 Bc5 39. Rxd8 Kxd8 40. Ke2 Kc7
41. a5 Kd6 42. Kd3 Ke5 43. a6 h4 44. Kc2 Kd4 45. Bf7 f5 46. g3 h3 47. Be6 Ke4
48. g4 e2 49. Kd2 Kf3 50. Bc4 Bb4+ 51. Kc2 e1=Q 52. a7 Qc3+ 53. Kb1 Qb2# 0-1

[Event "21st ch-EUR Indiv w 2021"]
[Site "Iasi ROU"]
[Date "2021.08.11"]
[Round "3.42"]
[White "Cosma, Elena-Luminita"]
[Black "Kazarian, Anna-Maja"]
[Result "0-1"]
[WhiteTitle "WGM"]
[BlackTitle "FM"]
[WhiteElo "2311"]
[BlackElo "2096"]
[WhiteFideId "1201590"]
[BlackFideId "1033689"]
[EventDate "2021.08.09"]

1. d4 Nf6 2. Nf3 e6 3. c4 b6 4. g3 Bb7 5. Bg2 Be7 6. O-O O-O 7. Re1 Na6 8. Ne5
Bxg2 9. Kxg2 c5 10. d5 Qc7 11. Nf3 Ne4 12. Bf4 Qb7 13. Nc3 f5 14. Kg1 Bf6 15.
Be5 Bxe5 16. Nxe5 Nxc3 17. bxc3 d6 18. Nd3 exd5 19. cxd5 Qxd5 20. Nf4 Qe5 21.
Qa4 Nc7 22. Rad1 b5 23. Qb3+ c4 24. Qa3 Rf6 25. h4 a5 26. Rd2 Qc5 27. Qxc5 dxc5
28. Red1 Ne6 29. Nd5 Rf7 30. Nb6 Re8 31. Rd6 g6 32. e3 g5 33. h5 f4 34. Nd5 b4
35. Nb6 fxg3 36. fxg3 Rf3 37. Nxc4 Rxg3+ 38. Kh2 Rf3 39. cxb4 axb4 40. R1d2 Kg7
41. Rc6 g4 42. h6+ Kg8 43. Rg2 Rh3+ 44. Kg1 g3 45. Nd2 Kf7 46. Ne4 Rd8 47. Rxg3
Rxg3+ 48. Nxg3 Rd2 49. Ra6 c4 50. Ra7+ Kg6 51. Ra6 Rd1+ 52. Kf2 Kf6 53. Ne2 Ke5
54. Rb6 Rb1 55. Rb5+ Kf6 56. Rb6 Rb2 57. Kf3 Ke5 58. Rb5+ Kd6 59. Ng3 c3 60.
Rb6+ Kd7 61. Rb7+ Kc6 62. Re7 Kd6 63. Rb7 c2 64. Ne2 Rb1 65. Rb6+ Kd7 66. Kf2
Nc5 67. Rb5 Ne4+ 68. Kf3 Nc3 69. Rc5 Rf1+ 70. Kg2 Re1 0-1

[Event "21st ch-EUR Indiv w 2021"]
[Site "Iasi ROU"]
[Date "2021.08.11"]
[Round "3.43"]
[White "Krasteva, Beloslava"]
[Black "Donghvani, Nia"]
[Result "1-0"]
[WhiteTitle "FM"]
[WhiteElo "2243"]
[BlackElo "1902"]
[WhiteFideId "2922029"]
[BlackFideId "13614649"]
[EventDate "2021.08.09"]

1. d4 Nf6 2. c4 e6 3. Nc3 Bb4 4. a3 Bxc3+ 5. bxc3 Ne4 6. e3 d5 7. Qc2 Nd7 8. Bd3
O-O 9. cxd5 exd5 10. Bxe4 dxe4 11. Qxe4 Nf6 12. Qc2 Qd5 13. f3 Bf5 14. Qb2 Rfe8
15. Ne2 Qc4 16. Kf2 Bd3 17. Nf4 Nd5 18. Nxd5 Qxd5 19. Rd1 Qc4 20. e4 Qa6 21. Bf4
Rac8 22. Kg1 h6 23. Qf2 Bc4 24. d5 b5 25. Be3 Qa5 26. Bxa7 Qxc3 27. Bd4 Qa5 28.
Qg3 g5 29. h4 Qa6 30. hxg5 Qg6 31. Bf6 Kh7 32. Kf2 Rxe4 33. fxe4 Qxe4 34. Qh3 1-0

[Event "21st ch-EUR Indiv w 2021"]
[Site "Iasi ROU"]
[Date "2021.08.11"]
[Round "3.44"]
[White "Koubova, Anna Marie"]
[Black "Ciolacu, Alessia-Mihaela"]
[Result "1-0"]
[BlackTitle "WFM"]
[WhiteElo "2073"]
[BlackElo "2241"]
[WhiteFideId "381470"]
[BlackFideId "1252640"]
[EventDate "2021.08.09"]

1. d4 Nf6 2. c4 e6 3. Nc3 d5 4. cxd5 exd5 5. Bg5 c6 6. e3 Be7 7. Bd3 Nbd7 8. Qc2
h6 9. Bh4 Nh5 10. Bxe7 Qxe7 11. Nge2 Nb6 12. O-O-O Be6 13. Kb1 O-O-O 14. Na4
Nxa4 15. Qxa4 Kb8 16. Rc1 Nf6 17. Rc3 Bc8 18. Rhc1 Ne4 19. Ra3 a6 20. Ka1 Nxf2
21. Bxa6 bxa6 22. Rb3+ Ka7 23. Rxc6 Bb7 24. Rbb6 Rc8 25. Rxa6+ Kb8 26. Rcb6 Qxe3
27. Rxb7+ Kxb7 28. Qb5+ Kc7 29. Ra7+ 1-0

[Event "21st ch-EUR Indiv w 2021"]
[Site "Iasi ROU"]
[Date "2021.08.11"]
[Round "3.45"]
[White "Levitan, Ronit"]
[Black "Gajcin, Marina"]
[Result "1/2-1/2"]
[WhiteTitle "WCM"]
[BlackTitle "WIM"]
[WhiteElo "2012"]
[BlackElo "2219"]
[WhiteFideId "2815109"]
[BlackFideId "949086"]
[EventDate "2021.08.09"]

1. e4 c5 2. c3 d5 3. exd5 Qxd5 4. d4 Nf6 5. Nf3 e6 6. Be2 Be7 7. O-O O-O 8. c4
Qd8 9. dxc5 Bxc5 10. Nc3 Nc6 11. a3 e5 12. b4 Bd4 13. Bb2 Be6 14. Rc1 Rc8 15.
Nxd4 Nxd4 16. Nb5 Nxb5 17. cxb5 Rxc1 18. Qxc1 Nd7 19. Qe3 Qb6 20. Qg3 f6 21. Bd3
Rd8 22. Bc1 Nf8 23. Be3 Rxd3 24. Bxb6 Rxg3 25. hxg3 axb6 26. Rc1 Bd7 27. Rc7
Bxb5 28. Rxb7 Nd7 29. Ra7 Nf8 30. Rb7 Nd7 31. Ra7 Nf8 32. a4 Be8 33. a5 bxa5 34.
bxa5 Bc6 35. a6 Ne6 36. Re7 Nd4 37. a7 Nb5 38. Re8+ Kf7 39. a8=Q Bxa8 40. Rxa8
Nd4 41. f3 h5 42. Ra7+ Kg6 43. Kf2 Ne6 44. Re7 Nd4 45. f4 h4 46. gxh4 Nf5 47.
Ra7 exf4 48. Ra4 Nxh4 49. Rxf4 Kg5 50. Ra4 Nf5 51. g3 Nh6 52. Kf3 f5 53. Rb4 g6
54. Ra4 Ng4 55. Rd4 Ne5+ 56. Ke2 Ng4 57. Kd3 Nf2+ 58. Ke2 Ne4 59. Kf3 Nf6 60.
Ra4 1/2-1/2

[Event "21st ch-EUR Indiv w 2021"]
[Site "Iasi ROU"]
[Date "2021.08.11"]
[Round "3.46"]
[White "Hercog, Nusa"]
[Black "Gaboyan, Susanna"]
[Result "0-1"]
[WhiteTitle "WFM"]
[BlackTitle "WIM"]
[WhiteElo "2000"]
[BlackElo "2215"]
[WhiteFideId "14614324"]
[BlackFideId "13303627"]
[EventDate "2021.08.09"]

1. d4 Nf6 2. c4 g6 3. Nc3 d5 4. Bf4 Bg7 5. e3 O-O 6. Rc1 c5 7. dxc5 Be6 8. Nf3
Nc6 9. Be2 dxc4 10. Qxd8 Nxd8 11. Ng5 Rc8 12. Nxe6 Nxe6 13. Na4 Nxc5 14. Nxc5
Rxc5 15. Rxc4 Rxc4 16. Bxc4 Rc8 17. b3 b5 18. Be2 Rc2 19. Bd1 Rxa2 20. O-O Nd5
21. Bb8 a5 22. Bf3 Nc3 23. Bc7 a4 24. bxa4 b4 25. g3 Rxa4 26. Bd1 Nxd1 27. Rxd1
Ra1 28. Rxa1 Bxa1 29. Bb6 b3 0-1

[Event "21st ch-EUR Indiv w 2021"]
[Site "Iasi ROU"]
[Date "2021.08.11"]
[Round "3.47"]
[White "Von Herman, Brigitte"]
[Black "Makropoulou, Marina"]
[Result "0-1"]
[WhiteTitle "WFM"]
[BlackTitle "WGM"]
[WhiteElo "1991"]
[BlackElo "2186"]
[WhiteFideId "4628730"]
[BlackFideId "4200187"]
[EventDate "2021.08.09"]

1. e4 c5 2. c3 e6 3. d4 d5 4. exd5 exd5 5. Nf3 Nc6 6. Bb5 Bd6 7. O-O Ne7 8. dxc5
Bxc5 9. Nbd2 O-O 10. Nb3 Bb6 11. Re1 Bg4 12. Be3 Bc7 13. Bc5 Bd6 14. h3 Bh5 15.
Bxd6 Qxd6 16. Be2 Bg6 17. Nbd4 Rad8 18. Qd2 h6 19. Bd3 Qf6 20. Bxg6 Nxg6 21.
Rad1 Nf4 22. Qc2 Nxd4 23. Rxd4 Rfe8 24. Qd1 Rxe1+ 25. Nxe1 Re8 26. Rd2 Qg5 27.
g3 Nxh3+ 28. Kh2 Qf5 29. Qf3 Qe6 30. Ng2 Ng5 31. Qxd5 Qxd5 32. Rxd5 Nf3+ 33. Kh3
Re2 34. Rb5 b6 35. g4 Nd2 36. a4 Rxf2 37. a5 Rf3+ 38. Kh2 Rf6 39. Ne3 Rf2+ 40.
Kg1 Re2 41. axb6 axb6 42. Nf5 Re4 43. Nd6 Rxg4+ 44. Kf2 Rg6 45. Nc8 Rf6+ 46. Ke3
Nc4+ 47. Ke4 Nd6+ 48. Nxd6 Rxd6 49. b4 Rc6 50. Kd4 g5 51. c4 g4 52. Rf5 g3 53.
Rf1 h5 54. Rg1 h4 55. c5 bxc5+ 56. bxc5 Rg6 57. Kd5 h3 58. c6 h2 0-1

[Event "21st ch-EUR Indiv w 2021"]
[Site "Iasi ROU"]
[Date "2021.08.11"]
[Round "3.48"]
[White "Trifoi, Mihaela-Ioana"]
[Black "Katkov, Michelle"]
[Result "0-1"]
[BlackTitle "WFM"]
[WhiteElo "1807"]
[BlackElo "2173"]
[WhiteFideId "1246364"]
[BlackFideId "2816393"]
[EventDate "2021.08.09"]

1. e4 e5 2. Nf3 Nc6 3. Bc4 Bc5 4. d3 Nf6 5. Bb3 O-O 6. O-O d5 7. exd5 Nxd5 8.
Nbd2 Bg4 9. h3 Bh5 10. Ne4 Bxf3 11. Qxf3 Nd4 12. Qh5 Nxb3 13. axb3 Bd6 14. Bg5
f6 15. Bd2 f5 16. Ng5 h6 17. Ne6 Qe8 18. Nxg7 Kxg7 19. Bxh6+ Kh7 20. Qh4 Be7 21.
Bg5+ Kg8 22. Qc4 c6 23. Qh4 Qd8 24. Bxe7 Qxe7 25. Qxe7 Nxe7 26. f4 exf4 27. Rxf4
Nd5 28. Rfa4 a6 29. Re1 Rae8 30. Rf1 Re2 31. Rf2 Re1+ 32. Kh2 Kg7 33. Rd4 Rf7
34. c3 Re3 35. b4 Kg6 36. Rd2 Rfe7 37. b5 axb5 38. c4 bxc4 39. dxc4 Nf6 40. Rd6
Re2 41. b4 Rxd2 42. Rxd2 Re4 43. Rc2 b5 44. cxb5 cxb5 45. Rc6 Rxb4 46. Kg3 Kg5
47. Rb6 Ne4+ 48. Kf3 Rb3+ 49. Ke2 Rb2+ 50. Kf1 Kf4 51. Rb7 Ke3 52. Kg1 Ng3 53.
Re7+ Kf4 54. Re1 b4 0-1

[Event "21st ch-EUR Indiv w 2021"]
[Site "Iasi ROU"]
[Date "2021.08.11"]
[Round "3.49"]
[White "Hapala, Elisabeth"]
[Black "Pancu, Aureliana-Eugenia"]
[Result "1-0"]
[WhiteTitle "WFM"]
[WhiteElo "2160"]
[BlackElo "1862"]
[WhiteFideId "1622080"]
[BlackFideId "1226355"]
[EventDate "2021.08.09"]

1. e4 e6 2. d4 d5 3. Nd2 Nc6 4. Ngf3 Nf6 5. e5 Nd7 6. Nb3 f6 7. Bb5 a6 8. Bxc6
bxc6 9. O-O a5 10. a4 Be7 11. exf6 Nxf6 12. Ne5 Bd7 13. Bd2 O-O 14. Nxa5 c5 15.
dxc5 Bxc5 16. Nb7 Qe7 17. Nxc5 Qxc5 18. b3 Qd6 19. Bc3 Rfb8 20. Re1 Ra6 21. Qf3
Rf8 22. Qd3 c5 23. Rad1 Bc8 24. Bb2 Qc7 25. Ba3 Bb7 26. Qb5 Ra5 27. Qd3 Ne4 28.
Rxe4 dxe4 29. Qd7 Qxe5 30. Qxb7 e3 31. fxe3 Qxe3+ 32. Kh1 Qd2 33. Rg1 Qd5 34.
Qb6 Raa8 35. Bxc5 Rfc8 36. b4 Rxa4 37. Qb5 Ra2 38. Qe2 Qf5 39. Rc1 Rca8 40. Bd4
Rc8 41. Bc5 Rca8 42. Bd4 Qd5 43. Qe5 Qd7 44. h3 Rd8 45. c3 Re8 46. Re1 Qb7 47.
Qe4 Qf7 48. Kh2 h6 49. Re3 Ra1 50. Qe5 Rf1 51. Rg3 Rf6 52. Qxf6 Qxf6 53. Bxf6 g5
54. Be5 Kf7 55. h4 Kg6 56. hxg5 hxg5 57. Rf3 g4 58. Rf4 Kh5 59. Kg3 Rd8 60. Rd4
Rg8 61. b5 Rg5 62. Re4 1-0

[Event "21st ch-EUR Indiv w 2021"]
[Site "Iasi ROU"]
[Date "2021.08.11"]
[Round "3.50"]
[White "Cosman, Andreea-Marioara"]
[Black "Kostina, Veronika"]
[Result "1-0"]
[WhiteTitle "WFM"]
[WhiteElo "2143"]
[BlackElo "1801"]
[WhiteFideId "1217968"]
[BlackFideId "34166235"]
[EventDate "2021.08.09"]

1. d4 Nf6 2. c4 e6 3. Nc3 Bb4 4. e3 O-O 5. Ne2 c6 6. a3 Ba5 7. Qc2 d5 8. Ng3
Nbd7 9. Be2 dxc4 10. Bxc4 e5 11. O-O exd4 12. exd4 Nb6 13. Ba2 Nbd5 14. Bg5 h6
15. Nxd5 hxg5 16. Nxf6+ Qxf6 17. d5 Bd7 18. Rad1 Rfe8 19. b4 Bb6 20. a4 a6 21.
a5 Ba7 22. d6 Rad8 23. Bb1 g6 24. Ne4 Qe5 25. Qd2 Bf5 26. Rfe1 Bb8 27. Nxg5 Qxd6
28. Rxe8+ Rxe8 29. Qxd6 Bxd6 30. Ba2 Kg7 31. Bxf7 Re7 32. g4 Bxb4 33. gxf5 gxf5
34. h4 Bxa5 35. Rd6 Re1+ 36. Kg2 f4 37. Rg6+ Kf8 38. h5 Bd8 39. Rg8+ Ke7 40.
Re8+ Kf6 41. Rxe1 Kxg5 42. Re8 1-0

[Event "21st ch-EUR Indiv w 2021"]
[Site "Iasi ROU"]
[Date "2021.08.11"]
[Round "3.51"]
[White "Novosadova, Kristyna"]
[Black "Maria, Lia-Alexandra"]
[Result "1-0"]
[WhiteTitle "WIM"]
[BlackTitle "WCM"]
[WhiteElo "2138"]
[BlackElo "1837"]
[WhiteFideId "328065"]
[BlackFideId "1248952"]
[EventDate "2021.08.09"]

1. e4 c5 2. Nc3 g6 3. Nf3 Bg7 4. d4 cxd4 5. Nxd4 d6 6. Be3 Nf6 7. f3 a6 8. Qd2
Nbd7 9. Bc4 b5 10. Bb3 Bb7 11. Bh6 Bxh6 12. Qxh6 Ne5 13. O-O-O Rc8 14. f4 Nc4
15. Rhe1 Qc7 16. e5 dxe5 17. fxe5 Nxe5 18. Qg7 Rf8 19. Ndxb5 axb5 20. Nxb5 Qc5
21. Nd6+ exd6 22. Qxf6 Rc7 23. Rxd6 Re7 24. Ba4+ Bc6 25. Rxe5 Rxe5 26. Qd8# 1-0

[Event "21st ch-EUR Indiv w 2021"]
[Site "Iasi ROU"]
[Date "2021.08.11"]
[Round "3.52"]
[White "Agrest, Inna"]
[Black "Verbin, Valentina"]
[Result "1-0"]
[WhiteTitle "WIM"]
[WhiteElo "2281"]
[BlackElo "2012"]
[WhiteFideId "1708830"]
[BlackFideId "13905910"]
[EventDate "2021.08.09"]

1. e4 c5 2. Nf3 d6 3. d4 cxd4 4. Nxd4 Nf6 5. Nc3 a6 6. Bg5 e6 7. f4 Be7 8. Qf3
Qc7 9. O-O-O Nbd7 10. Bd3 b5 11. a3 Bb7 12. Rhe1 Qb6 13. Nb3 Rc8 14. Qe2 Rxc3
15. bxc3 d5 16. e5 Bxa3+ 17. Kb1 Ne4 18. Bxe4 dxe4 19. f5 Bd5 20. Rxd5 exd5 21.
e6 Ne5 22. exf7+ Nxf7 23. Be3 Qc7 24. Bd4 O-O 25. Qh5 Qf4 26. f6 g5 27. g3 Qf3
28. Qh3 e3 29. Qe6 Bd6 30. Rxe3 Qh1+ 31. Re1 Qxh2 32. Qxd5 Qxg3 33. Rh1 Qg4 34.
Nc1 h5 35. Rg1 Bg3 36. Rxg3 Qxg3 37. Qf5 Nh8 38. f7+ Rxf7 39. Qc8+ Rf8 40. Qe6+
Kh7 41. Qe7+ Rf7 42. Qe8 Qc7 43. Qxh8+ Kg6 44. Nd3 h4 45. Ne5+ Kf5 46. Qh5 Rg7
47. Qg4+ Kf6 48. Nd7+ Kg6 49. Qe6+ Kh7 50. Qf5+ Rg6 51. Nf8+ 1-0

[Event "21st ch-EUR Indiv w 2021"]
[Site "Iasi ROU"]
[Date "2021.08.11"]
[Round "3.53"]
[White "Bashylina, Luisa"]
[Black "Sedina, Elena"]
[Result "1/2-1/2"]
[WhiteTitle "WCM"]
[BlackTitle "IM"]
[WhiteElo "1992"]
[BlackElo "2279"]
[WhiteFideId "12983292"]
[BlackFideId "812153"]
[EventDate "2021.08.09"]

1. d4 e6 2. c4 f5 3. g3 Nf6 4. Bg2 d5 5. Nf3 c6 6. O-O Bd6 7. Nc3 O-O 8. Bf4
Bxf4 9. gxf4 Ne4 10. e3 Nxc3 11. bxc3 Nd7 12. Rb1 b6 13. Qa4 Bb7 14. cxd5 cxd5
15. Rfc1 h6 16. Qa3 Rf7 17. Bf1 a6 18. Qd6 Rc8 19. Ne5 Nxe5 20. Qxd8+ Rxd8 21.
fxe5 b5 22. Rb4 Bc6 23. Bd3 g5 24. Rb2 Rc7 25. Kf1 Be8 26. Ke2 Rdc8 27. Kd2 Kf8
28. a3 g4 29. Rb3 h5 30. Rg1 Bc6 31. Be2 Be8 32. Bd3 Rc6 33. Be2 R8c7 34. Ra1 h4
35. a4 bxa4 36. Rxa4 Rxc3 37. Rxc3 Rxc3 38. Rxa6 Rc6 39. Rxc6 Bxc6 40. Kc3 Ke7
41. Kb4 1/2-1/2

[Event "21st ch-EUR Indiv w 2021"]
[Site "Iasi ROU"]
[Date "2021.08.11"]
[Round "3.54"]
[White "Paraschiv, Petronela-Alexandra"]
[Black "Sandu, Mihaela"]
[Result "0-1"]
[BlackTitle "WGM"]
[WhiteElo "1979"]
[BlackElo "2263"]
[WhiteFideId "1233696"]
[BlackFideId "1204327"]
[EventDate "2021.08.09"]

1. d4 Nf6 2. Nf3 d5 3. Nbd2 c5 4. dxc5 Na6 5. Nb3 Nxc5 6. c3 e6 7. Bg5 Nce4 8.
e3 Nxg5 9. Nxg5 Be7 10. Bb5+ Nd7 11. Nf3 O-O 12. a4 Nf6 13. O-O Bd6 14. Be2 e5
15. g3 Bh3 16. Re1 Rc8 17. Bf1 Bg4 18. Be2 Qd7 19. Nh4 Bxe2 20. Qxe2 Rc4 21. a5
Rfc8 22. Rec1 Rxh4 23. gxh4 Rc4 24. f3 Rxh4 25. Nd2 e4 26. f4 Ng4 27. Nf1 Rh3
28. b4 Rf3 29. Re1 Nf2 30. Qxf2 Rxf2 31. Kxf2 g5 32. f5 Qxf5+ 33. Ke2 Be5 34.
Rac1 Qf3+ 35. Kd2 f5 36. Kc2 f4 37. Kb3 fxe3 38. Rxe3 Qf7 39. Ka3 Bf4 40. Rc2
Bxe3 41. Nxe3 Qf3 42. Nxd5 e3 43. Nxe3 Qxe3 44. Kb3 h5 45. b5 g4 46. Rg2 a6 47.
bxa6 bxa6 48. Rg3 Qc5 49. h3 Qf2 0-1